| 000 | 00446nam a22001697a 4500 | ||
|---|---|---|---|
| 999 |
_c6094 _d6094 |
||
| 003 | GBCCL | ||
| 005 | 20241126110555.0 | ||
| 008 | 180430b ||||| |||| 00| 0 eng d | ||
| 040 | _cgbc | ||
| 082 |
_a252 _bCHA |
||
| 100 |
_aChapman, J. Wilbur _910971 |
||
| 245 |
_aAnd Peter : _bAnd other sermons / _cJ. Wilbur Chapman |
||
| 260 |
_aChicago: _bMoody Press, _cc1896 |
||
| 300 |
_a120 p.; _bmap, _c17 cm. |
||
| 650 |
_aSermons _96067 |
||
| 942 |
_2ddc _cBK |
||